01345nam a2200361Ia 4500001001200000003000800012006001900020007001500039008004100054010001700095020001500112020001800127020002600145040002100171035002100192050002400213245011000237260006300347300003100410504005100441533015200492650002000644650001700664650001400681650001900695655002900714700001900743700002300762710001700785710003800802856012600840999001700966ebr10606086CaPaEBRm u cr cn|||||||||090128s2009 mauab sb 001 0 eng d z 2009002563 z1558441883 z9781558441880 z9781558442412 (ebook) aCaPaEBRcCaPaEBR a(OCoLC)81393062114aHD1251b.P77 2008eb00aProperty rights and land policiesh[electronic resource] /cedited by Gregory K. Ingram and Yu-Hung Hong. aCambridge, MA :bLincoln Institute of Land Policy,cc2009. axii, 483 p. :bill., maps. aIncludes bibliographical references and index. aElectronic reproduction.bPalo Alto, Calif. :cebrary,d2011.nAvailable via World Wide Web.nAccess may be limited to ebrary affiliated libraries. 0aEminent domain. 0aLand tenure. 0aLand use. 0aReal property. 7aElectronic books.2local1 aHong, Yu-hung.1 aIngram, Gregory K.2 aebrary, Inc.2 aLincoln Institute of Land Policy.40uhttp://site.ebrary.com/lib/rucke/Doc?id=10606086zAn electronic book accessible through the World Wide Web; click to view c96727d96727